Seleções no Ranking da FIFA - Statistics

Estatísticas Gerais
  • Esse quiz foi jogado 89 vezes
    9 desde o último reset
  • A pontuação média é 19 de 20
Estatísticas das Respostas
Inicial Confederação Seleção % Correto
A UEFA Alemanha
100%
A CONMEBOL Argentina
100%
B UEFA Bélgica
100%
B CONMEBOL Brasil
100%
C CONMEBOL Colômbia
100%
C UEFA Croácia
100%
D UEFA Dinamarca
100%
E UEFA Espanha
100%
F UEFA França
100%
I UEFA Inglaterra
100%
I UEFA Itália
100%
M CAF Marrocos
100%
P UEFA Portugal
100%
E CONCACAF Estados Unidos
86%
J AFC Japão
86%
M CONCACAF México
86%
S CAF Senegal
86%
S UEFA Suíça
86%
U CONMEBOL Uruguai
86%
P UEFA Países Baixos
57%
Nenhum quiz correspondente encontrado
Distribuição das Pontuações
Porcentagem de Pessoas com Cada Pontuação
Percentil de Números Respondidos
Sua Pontuação Histórica
Você não jogou esse quiz desde o último reset